=LDR 00000nam 2200000 4500 =001 INLIS000000000002709 =005 20250131014436 =035 ##$$a 0010-0125000188 =007 ta =008 250131###########################1#ind## =020 ##$$a 978-623-04-1252-3 =082 ##$$a 398.2 =084 ##$$a 398.2 ALI p =100 #$$a Alice Potter =245 1#$$a Pasar Swalayan : $b - /$c Alice Potter (Ilustrator) ; Helen Catt (Editor) =250 ##$$a - =260 ##$$a Jakarta :$b Bhuana Ilmu Populer,$c 2019 =300 ##$$a 5 hlm : $b ilus ; $c 18 cm$e - =650 #4$$a Cerita Anak =520 ##$$a - =856 ##$$a Perpustakaan BKKBN Pusat